It took courage : Eliza Winston's quest for ... Read More
Available copies
- 4 of 5 copies available at LARL/NWRL Consortium. (Show)
- 1 of 1 copy available at Northwest Regional Library.
Current holds
0 current holds with 5 total copies.
Show All Copies
| Location | Call Number / Copy Notes | Barcode | Shelving Location | Status | Due Date |
|---|---|---|---|---|---|
| Roseau Public Library | 342.7308 LEH (Text) | 35500006813404 | Main | Available | - |
Record details
- ISBN: 9781681342825
- ISBN: 1681342820
- Physical Description: 279 pages : illustrations ; 23 cm
- Publisher: St. Paul, MN : Minnesota Historical Society Press, [2024].
- Copyright: ©2024
Content descriptions
| Bibliography, etc. Note: | Includes bibliographical references and index. |
Search for related items by subject
| LDR | 01435cam a2200373 i 4500 | ||
|---|---|---|---|
| 001 | 432759 | ||
| 003 | LARL_NWRL_CONSORTIUM | ||
| 005 | 20240418145722.0 | ||
| 008 | 230828t20242024mnua b 001 0deng d | ||
| 040 | . | ‡aYDX ‡beng ‡erda ‡cYDX ‡dZQP ‡dOCLCO ‡dMAC | |
| 020 | . | ‡a9781681342825 ‡q(paperback) | |
| 020 | . | ‡a1681342820 | |
| 035 | . | ‡a(OCoLC)1395132741 | |
| 092 | . | ‡a342.73087 | |
| 100 | 1 | . | ‡aLehman, Christopher P., ‡eauthor. |
| 245 | 1 | 0. | ‡aIt took courage : ‡bEliza Winston's quest for freedom / ‡cChristopher P. Lehman. |
| 264 | 1. | ‡aSt. Paul, MN : ‡bMinnesota Historical Society Press, ‡c[2024]. | |
| 264 | 4. | ‡c©2024 | |
| 300 | . | ‡a279 pages : ‡billustrations ; ‡c23 cm | |
| 336 | . | ‡atext ‡btxt ‡2rdacontent | |
| 337 | . | ‡aunmediated ‡bn ‡2rdamedia | |
| 338 | . | ‡avolume ‡bnc ‡2rdacarrier | |
| 504 | . | ‡aIncludes bibliographical references and index. | |
| 600 | 1 | 0. | ‡aWinston, Eliza. |
| 650 | 0. | ‡aSlavery ‡xLaw and legislation ‡zMinnesota ‡xHistory. | |
| 650 | 0. | ‡aSlavery ‡zUnited States ‡xLegal status of enslaved persons in free states. | |
| 650 | 0. | ‡aAfrican Americans ‡zMinnesota ‡xHistory ‡y19th century. | |
| 901 | . | ‡a432759 ‡bOCoLC ‡c432759 ‡tbiblio ‡soclc | |

Add to basket
Permalink
Disable Highlighting